Los mapas de Cuauhtinchan y la historia Tolteca-Chichimeca (Record no. 9195)

MARC details
000 -CABECERA
campo de control de longitud fija 00873nam a2200277 a 4500
001 - NÚMERO DE CONTROL
campo de control BRL_382
005 - FECHA Y HORA DE LA ÚLTIMA TRANSACCIÓN
campo de control 20190320210720.0
008 - DATOS DE LONGITUD FIJA--INFORMACIÓN GENERAL
campo de control de longitud fija 050813s1968----mx-a######---#000-0#spa-#
041 ## - CÓDIGO DE LENGUA
Código de lengua del texto/banda sonora o título independiente spa
044 ## - CÓDIGO DEL PAÍS DE LA ENTIDAD EDITORA/PRODUCTORA
Código MARC del país mx
050 #4 - SIGNATURA TOPOGRÁFICA DE LA BIBLIOTECA DEL CONGRESO
Número de clasificación F1219
Número de documento/Ítem .I58 15 1968
100 1# - ENTRADA PRINCIPAL--NOMBRE DE PERSONA
Nombre de persona Bittmann Simons, Bente
9 (RLIN) 23723
245 10 - MENCIÓN DE TÍTULO
Título Los mapas de Cuauhtinchan y la historia Tolteca-Chichimeca
Mención de responsabilidad, etc. Bente Bittmann Simons
260 ## - PUBLICACIÓN, DISTRIBUCIÓN, ETC.
Lugar de publicación, distribución, etc. México
Nombre del editor, distribuidor, etc. INAH
Fecha de publicación, distribución, etc. 1968
300 ## - DESCRIPCIÓN FÍSICA
Extensión 96 p.
Otras características físicas il.
Dimensiones 28 cm.
440 #0 - MENCIÓN DE SERIE/PUNTO DE ACCESO ADICIONAL--TÍTULO
Título Investigaciones
Designación de volumen o secuencia 15
9 (RLIN) 23724
500 ## - NOTA GENERAL
Nota general Au351
500 ## - NOTA GENERAL
Nota general Bibliografía: p. 94-96.
650 14 - PUNTO DE ACCESO ADICIONAL DE MATERIA--TÉRMINO DE MATERIA
Término de materia o nombre geográfico como elemento de entrada Indígenas de México
Subdivisión general Historia
9 (RLIN) 22707
650 14 - PUNTO DE ACCESO ADICIONAL DE MATERIA--TÉRMINO DE MATERIA
Término de materia o nombre geográfico como elemento de entrada Manuscritos mexicanos
9 (RLIN) 781
650 14 - PUNTO DE ACCESO ADICIONAL DE MATERIA--TÉRMINO DE MATERIA
Término de materia o nombre geográfico como elemento de entrada Toltecas
Subdivisión de forma Mapas
Subdivisión general Historia
9 (RLIN) 23725
650 14 - PUNTO DE ACCESO ADICIONAL DE MATERIA--TÉRMINO DE MATERIA
Término de materia o nombre geográfico como elemento de entrada Chichimecas
Subdivisión de forma Mapas
Subdivisión general Historia
9 (RLIN) 23726
710 2# - PUNTO DE ACCESO ADICIONAL--NOMBRE DE ENTIDAD CORPORATIVA
Nombre de entidad corporativa o nombre de jurisdicción como elemento de entrada Instituto Nacional de Antropología e Historia (México)
9 (RLIN) 23727
902 ## - CATALOGADOR
Iniciales GRL
942 ## - ELEMENTOS DE PUNTO DE ACCESO ADICIONAL (KOHA)
Fuente del sistema de clasificación o colocación Library of Congress Classification
Tipo de ítem Koha Libros
Holdings
Estado de retiro Estado de pérdida Estado dañado No para préstamo Localización permanente Ubicación/localización actual Fecha de adquisición Número de inventario Total de préstamos Signatura topográfica completa Código de barras Fecha visto por última vez Precio válido a partir de Tipo de ítem Koha
El ejemplar forma parte de la colección y puede ser consultado según las políticas vigentes.       Biblioteca Centro de Estudios Ruth D. Lechuga Biblioteca Centro de Estudios Ruth D. Lechuga 05/08/2013 Au351   F1219 .I58 15 1968 (Au351) GRL00408 22/03/2019 22/03/2019 Libros